000 00304nam a22001337a 4500
008 170301b xxu||||| |||| 00| 0 eng d
020 _a0894438506
041 _aeng
080 _a61
100 _a4
101 _aSHM
245 _aEPIDEMILOGY IN HEALTTH SERVICE MENAGMENT
_cDEVER.A.G.E
942 _2udc
_cBK
999 _c6461
_d6461